Works.

محفوظ في:
التفاصيل البيبلوغرافية
المؤلف الرئيسي: Chaucer, Geoffrey, d. 1400
مؤلفون آخرون: Robinson, F. N. (Fred Norris), 1871-1966
التنسيق: كتاب
اللغة:English
منشور في: Boston, Houghton Mifflin [1957]
الطبعة:2d ed.
LEADER 01112nam a22003131a 4500
001 c000322968
003 CARM
005 20001008210538.0
008 730410r19571933mauc b 000 0 eng
010 |a 57002878 //r872 
019 1 |a 10830808  |z 10788017  |z 637098  |5 LACONCORD2021 
035 |a (OCoLC)351942  |5 LACONCORD2021 
040 |a LC  |b eng  |c LC  |d LC 
050 0 0 |a PR1851  |b .R6 1957 
050 4 |a PR1851  |b .R6 1933 
082 0 4 |a 821.17 
100 1 |a Chaucer, Geoffrey,  |d d. 1400. 
240 1 0 |a Works 
245 0 0 |a Works.  |c Edited by F. N. Robinson. 
250 |a 2d ed. 
260 |a Boston,  |b Houghton Mifflin  |c [1957] 
300 |a xliv, 1002 p.  |b port.  |c 25 cm. 
500 |a "The new Cambridge edition." 
500 |a First published in 1933 under title: Complete works. 
504 |a Bibliography: p. 641-645. 
700 1 |a Robinson, F. N.  |q (Fred Norris),  |d 1871-1966. 
852 8 |b CARM  |h A1:AM37E0  |i C10276  |p 0439812  |f BK 
999 f f |i 40486bee-207b-5253-9afa-986a789a0430  |s 98e46fd6-5670-53c8-b326-b3c94bccbfdc 
952 f f |p Can circulate  |a CAVAL  |b CAVAL  |c CAVAL  |d CARM 1 Store  |e C10276  |f A1:AM37E0  |h Other scheme  |i book  |m 0439812